000
00289nam a22001337a 4500
008
171011b xxu||||| |||| 00| 0 eng d
020
_a
0205483941
041
_a
eng
080
_a
V
100
_a
50
101
_a
SOC
245
_a
ELEMENTARY SOCIAL STUDIES
_c
ELLIS,A.K
942
_2
udc
_c
BK
999
_c
33093
_d
33093